| 000 | 00437nam a2200169Ia 4500 | ||
|---|---|---|---|
| 003 | GCL | ||
| 008 | 140319s9999 xx 000 0 eng d | ||
| 040 |
_aGCL / _cGCL |
||
| 082 | 0 | 4 |
_a658.3 _bC S |
| 100 | 1 | _aCOWLING,ALAN | |
| 245 | 1 | 0 |
_aSTRATEGIC HUMAN RESOURCE MANAGEMENT / _cCOWLING,ALAN |
| 700 | 1 | _aLUNAY,OLIVE | |
| 260 |
_a[S.N] : _bROUTLEDGE |
||
| 650 | 0 | 4 | _aGENERAL MANAGEMENT |
| 650 | 0 | 4 | _aPERSONNEL MANAGEMENT |
| 942 |
_2ddc _cBK |
||
| 999 |
_c12359 _d12359 |
||